00770nam a22002297a 450000500170000001000130001702000250003003500130005503700160006804000120008408200160009610000280011224500750014025000120021526000340022727000410026130000220030265000330032494200250035799900190038295201390040120170124110026.0 aB-031750 c00.00a9788122310108 aB-031750 bCen Lib/Ret aDPLbEN a530.11bEIN aEinstein, Albert920761 aRelativity :cby Albert Einsteinbthe special and the general theory / a15th ed bPustak MahalaNew Delhic2008 aJ-3/16, DaryaganjbNew Delhie110002 axi,163p. c19(Hb) aRelativity (Physics).920762 2ddccENh530.11mEIN c127533d127533 00104070aLbLd2015-06-29eCen Lib/Retg0.00l11m2o530.11 EINpB-031750r2024-10-03 00:00:00s2024-09-18t1v0.00w2015-06-29yEN